000 00712cab a2200217 4500
001 WB2828-05
008 090401t1992 xxu||||| |||| 00| 0 eng d
035 _a(Sirsi) u59637
041 _aeng
245 _aCladding blunder
260 _c1992
350 _a0
490 _aConstruction News
_v(6272) 9 July 1992, 1&2(1)
520 _aFairclough Building has run into £10m worth of brickwork problems on its Trafalgar Place development in Brighton after a year-long investigation found seriously defective workmanship.
650 _aBUILDING DEFECTS
650 _aCLADDING
650 _aTRAFALGAR PLACE PROJECT
690 _aBUILT ENVIRONMENT-BUILDING PATHOLOGY
942 _n0
948 _c04/03/1997
999 _c36617
_d36617